[Event "Novi Sad ol (Men)"]
[Site "Novi Sad"]
[Date "1990.??.??"]
[Round "7"]
[White "Ivanchuk, Vassily"]
[Black "Seirawan, Yasser"]
[Result "1/2-1/2"]
[WhiteElo "2680"]
[BlackElo "2635"]

1.e4 c6 2.d4 d5 3.Nc3 dxe4 4.Nxe4 Bf5 5.Ng3 Bg6 6.h4 h6 7.Nf3 Nd7 8.h5 Bh7
9.Bd3 Bxd3 10.Qxd3 Ngf6 11.Bf4 e6 12.O-O-O Be7 13.c4 b5 14.c5 O-O 15.Kb1 a5
16.Bc1 a4 17.Ne2 Qb8 18.g4 Nxg4 19.Rdg1 f5 20.Nf4 Rf7 21.Qe2 e5 22.Ng6 Qe8
23.Nh2 Nxh2 24.Rxh2 Kh7 25.f3 Bf8 26.Re1 e4 27.fxe4 Qxe4+ 28.Qxe4 fxe4 29.Rxe4 Rf5
30.Re6 Rc8 31.Kc2 Kg8 32.Bd2 Kf7 33.Ree2 Nf6 34.Ref2  1/2-1/2

[Event "Novi Sad ol (Men)"]
[Site "Novi Sad"]
[Date "1990.??.??"]
[Round "8"]
[White "Seirawan, Yasser"]
[Black "Short, Nigel D"]
[Result "1/2-1/2"]
[WhiteElo "2635"]
[BlackElo "2610"]

1.d4 e6 2.c4 f5 3.g3 Nf6 4.Bg2 Be7 5.Nf3 c6 6.O-O O-O 7.b3 a5 8.Ba3 Bxa3
9.Nxa3 Qe7 10.Nb1 d6 11.Nc3 e5 12.d5 c5 13.Qd2 Na6 14.e4 a4 15.exf5 axb3
16.axb3 Bxf5 17.Nh4 Qd7 18.f4 exf4 19.Nxf5 Qxf5 20.Rxf4 Qd7 21.Raf1 Rae8
22.Nb5 Re5 23.Qa5 Nb4 24.Qc7 Qxc7 25.Nxc7 Nd3 26.R4f3 Ne1 27.R3f2 Nd3 28.Rf3 Ne1
29.R3f2 Nd3 30.Rf3  1/2-1/2

[Event "Novi Sad ol (Men)"]
[Site "Novi Sad"]
[Date "1990.??.??"]
[Round "9"]
[White "Ljubojevic, Ljubomir"]
[Black "Seirawan, Yasser"]
[Result "1/2-1/2"]
[WhiteElo "2600"]
[BlackElo "2635"]

1.c4 e5 2.Nc3 Nc6 3.g3 g6 4.Bg2 f5 5.d3 Bg7 6.Rb1 a5 7.a3 Nf6 8.e3 d6 9.Nge2 O-O
10.b4 axb4 11.axb4 Ne7 12.Qb3 c6 13.O-O Be6 14.b5 Bf7 15.Rd1 Qc7 16.Rd2 Ra5
17.Ra2 Rfa8 18.Rxa5 Qxa5 19.Bd2 Qa3 20.Qc2 d5 21.bxc6 bxc6 22.cxd5 cxd5 23.Nb5 Qa2
24.Qd1 Qa4 25.Qc1 Rc8 26.Nec3 Qa6 27.Ra1 Qe6 28.Ra7 Nc6 29.Ra6 Qd7 30.Qb1 Bf8
31.Qa1 Be7 32.Na7 Nxa7 33.Rxa7 Rc7 34.Rxc7 Qxc7 35.Qa8+ Qd8 36.Qa7 e4 37.d4 Qd7
38.Qxd7 Nxd7  1/2-1/2

[Event "Reykjavik op"]
[Site "Reykjavik"]
[Date "1990.??.??"]
[Round "1"]
[White "Brendel, Oliver"]
[Black "Seirawan, Yasser"]
[Result "1/2-1/2"]
[WhiteElo "2360"]
[BlackElo "2595"]

1.e4 d6 2.Nc3 g6 3.f4 Bg7 4.Nf3 Nf6 5.g3 O-O 6.Bg2 c5 7.O-O Bg4 8.h3 Bxf3
9.Qxf3 Nc6 10.d3 Nd7 11.h4 Nd4 12.Qd1 b5 13.Ne2 e6 14.Nxd4 cxd4 15.f5 Rc8
16.Bh3 exf5 17.exf5 Rc5 18.Bg5 Nf6 19.h5 gxh5 20.Qd2 Re8 21.Rae1 Rce5 22.Rxe5 dxe5
23.Bg2 Qd6 24.Qe2 Kh8 25.Bxf6 Qxf6 26.Qxh5 Bh6 27.Bd5 Be3+ 28.Kg2 Kg7 29.Rh1 h6
30.Rh4 a5 31.Rh1 Rc8 32.Qe2 Rc5 33.Be4 Bg5 34.Re1 Qd6 35.Qd1 Rc8 36.Kf3 a4
37.Re2 b4 38.b3 a3 39.Qe1 Kf6 40.Rh2 Be3 41.Qh1 Ke7 42.Re2 Rg8 43.Rh2 Qc5
44.Qe1 Kd6 45.Re2 Kc7 46.Qh1 Bg5 47.Qe1 Kb6 48.Qh1 Ka5 49.Qh5 Rf8 50.Qg4 Kb6
51.Kg2 Kc7 52.Bf3 Kd6 53.Qe4 Qb5 54.Kf1 Be3 55.Kg2 Rg8 56.Kh3 Ke7 57.Rg2 Kf6
58.Qd5 Qxd5 59.Bxd5 Rg5 60.g4 h5 61.Be4 h4 62.Re2 Rg8 63.Bd5 Rd8 64.Bc4 Bf4
65.Re1 Rd7 66.Rf1 Kg5 67.Rf3 f6 68.Rf2 Kh6 69.Rf1 Bg5 70.Rh1 Kg7 71.Kg2 Rd8
72.Kf3 Rh8 73.Rh3 Bf4 74.Ke4 Bg3 75.Kf3 Kf8 76.Ke4 Ke7 77.Kf3 Kd6 78.Rh1 Rh7
79.Rh3 Rg7 80.Rh1 Kc5 81.Rd1 Kd6 82.Be6 Rh7 83.Rh1 e4+ 84.dxe4 Ke5 85.Bc4 d3
86.cxd3 Rg7 87.Ke3 Bf4+ 88.Kf3 Bg5 89.Kg2 Kd4 90.Kh3 Bf4 91.Re1 Be5 92.Re2 Re7
93.Rg2 Bf4 94.Re2 Bg5 95.Re1 Kc3 96.Re2 Rd7 97.Rg2 Rc7 98.Rf2 Re7  1/2-1/2

[Event "Reykjavik op"]
[Site "Reykjavik"]
[Date "1990.??.??"]
[Round "2"]
[White "Seirawan, Yasser"]
[Black "Gudmundsson, Kristjan"]
[Result "1-0"]
[WhiteElo "2595"]
[BlackElo "2210"]

1.c4 Nf6 2.Nc3 g6 3.e4 d6 4.d4 Bg7 5.Be2 O-O 6.Bg5 h6 7.Be3 c5 8.e5 dxe5
9.dxe5 Qxd1+ 10.Rxd1 Nfd7 11.f4 Na6 12.Bf3 Re8 13.Nge2 Nf8 14.Kf2 f6 15.exf6 Bxf6
16.Rd2 Kg7 17.Ne4 Ne6 18.Nxf6 exf6 19.Rhd1 Nac7 20.g4 f5 21.gxf5 gxf5 22.Ng3 Rf8
23.Rd6 Rb8 24.Bd2 Nd4 25.Bc3 b5 26.Rc6 Ne6 27.Rxc5 Nxc5 28.Bxd4+ Kh7 29.Bxc5 Rf7
30.Bd6 Rb6 31.c5 Ra6 32.Bd5  1-0

[Event "Reykjavik op"]
[Site "Reykjavik"]
[Date "1990.??.??"]
[Round "7"]
[White "Ivanov, Alexander"]
[Black "Seirawan, Yasser"]
[Result "0-1"]
[WhiteElo "2520"]
[BlackElo "2595"]

1.e4 e6 2.d4 d5 3.Nd2 dxe4 4.Nxe4 Nd7 5.Nf3 Be7 6.Bd3 Ngf6 7.Nxf6+ Bxf6 8.Qe2 c5
9.d5 Nb6 10.dxe6 Bxe6 11.h4 h6 12.a4 Qe7 13.a5 Nd5 14.a6 b6 15.O-O O-O-O
16.c4 Nb4 17.Be4 g5 18.Bb7+ Kb8 19.hxg5 hxg5 20.Nxg5 Nd3 21.Nxe6 fxe6 22.Rd1 Nxc1
23.Raxc1 Bd4 24.g3 Qg5 25.Kg2 Rhf8 26.Bf3 Qf5 27.Rd2 e5 28.Rh1 Rh8 29.Rdd1 Kc7
30.b3 Rdf8 31.Rxh8 Rxh8 32.Kf1 Rf8 33.Rd3 e4 34.Rxd4 cxd4 35.Bxe4 Qe5 36.Qd3 b5
37.Kg2 Kb6 38.Bf3 Kxa6 39.cxb5+ Kb6 40.Qc4 Qd6 41.Bc6 d3 42.Qc3 Rd8 43.b4 Qd4
44.Qd2 Kc7 45.Bf3 Rd6 46.Qc1+ Kb6 47.Qa3 Kxb5 48.Qa5+ Kc4 49.Qa2+ Kxb4 50.Qb1+ Kc5
51.Qc1+ Kb5 52.Qg5+ Kb6 53.Qd2 a5 54.g4 a4 55.Kg3 a3 56.Qa2 d2 57.Qb3+ Kc7
58.Qb7+ Kd8  0-1

[Event "Reykjavik op"]
[Site "Reykjavik"]
[Date "1990.??.??"]
[Round "9"]
[White "Olafsson, Helgi"]
[Black "Seirawan, Yasser"]
[Result "1/2-1/2"]
[WhiteElo "2575"]
[BlackElo "2595"]

1.d4 d6 2.Nf3 g6 3.c4 Bg7 4.g3 e5 5.Nc3 Nc6 6.dxe5 Nxe5 7.Nxe5 Bxe5 8.Bg2 Ne7
9.Qd2 c6 10.b3 Qa5 11.Bb2 Be6 12.Rd1 O-O-O 13.O-O Kb8 14.Qc1  1/2-1/2

[Event "Reykjavik op"]
[Site "Reykjavik"]
[Date "1990.??.??"]
[Round "10"]
[White "Seirawan, Yasser"]
[Black "De Firmian, Nick E"]
[Result "1/2-1/2"]
[WhiteElo "2595"]
[BlackElo "2565"]

1.d4 Nf6 2.c4 e6 3.Nf3 b6 4.g3 Bb7 5.Bg2 Be7 6.O-O O-O 7.Nc3 Ne4 8.Qc2 Nxc3
9.Qxc3 c5 10.b3 Bf6 11.Bb2 cxd4 12.Nxd4 Bxg2 13.Kxg2 Nc6 14.Qe3 Qc8 15.Rad1 Rd8
16.Kg1 Bxd4 17.Bxd4 d5 18.cxd5 Rxd5 19.Ba1  1/2-1/2

[Event "Tilburg"]
[Site "Tilburg"]
[Date "1990.??.??"]
[Round "3"]
[White "Timman, Jan H"]
[Black "Seirawan, Yasser"]
[Result "1/2-1/2"]
[WhiteElo "2660"]
[BlackElo "2635"]

1.e4 c6 2.d4 d5 3.e5 Bf5 4.Nc3 e6 5.g4 Bg6 6.Nge2 c5 7.h4 h6 8.Be3 cxd4 9.Nxd4 Bb4
10.h5 Be4 11.f3 Bh7 12.Bd3 Bxd3 13.Qxd3 Nd7 14.O-O-O Bxc3 15.Qxc3 Rc8 16.Qe1 Nxe5
17.Bf4 Nc6 18.Nf5 Kf8 19.Bd6+ Nge7 20.Nxe7 Nxe7 21.Qe5 Kg8 22.Bxe7 Qxe7 23.Rxd5 Qc7
24.Qxc7 Rxc7 25.Rb5 Kf8 26.f4 Ke7 27.b3 Rd8 28.Rd1 Rxd1+ 29.Kxd1 Kd6 30.a4 a6
31.Rb4 e5 32.Kd2 exf4 33.Rxf4 Ke5 34.Rf5+ Ke6 35.c4 g6 36.Rd5 f5 37.gxf5+ gxf5
38.Ke3 Rg7 39.Kd4 Rg3 40.Re5+ Kf6 41.b4 Ra3 42.a5 Ra4 43.Kd5 Rxb4 44.Re6+ Kg5
45.Rb6 Ra4 46.Rxb7 Rxa5+ 47.c5 Kxh5 48.Rb1 f4 49.Kd6 Ra2 50.Rc1 Rd2+ 51.Ke6 Kg4
52.c6 Rd8 53.c7 Rc8 54.Kd7 Rxc7+ 55.Rxc7 f3 56.Kd6 f2 57.Rg7+ Kf3 58.Rf7+ Ke2
59.Re7+ Kd2 60.Rf7 Ke1 61.Re7+ Kf1 62.Rh7 a5 63.Kc5 Ke2  1/2-1/2

[Event "Tilburg"]
[Site "Tilburg"]
[Date "1990.??.??"]
[Round "5"]
[White "Seirawan, Yasser"]
[Black "Andersson, Ulf"]
[Result "1/2-1/2"]
[WhiteElo "2635"]
[BlackElo "2630"]

1.c4 c5 2.g3 g6 3.Bg2 Bg7 4.Nc3 Nc6 5.a3 d6 6.e3 Bxc3 7.bxc3 Qc7 8.d3 f5
9.Nh3 e5 10.O-O Nf6 11.f3 h6 12.e4 g5 13.exf5 Bxf5 14.Nf2 O-O-O 15.Ne4 Rdf8
16.Be3 Be6 17.Qe2 Qd7 18.Ra2 Rh7 19.Nf2 Kb8 20.Rb1 Rg7 21.Rab2 Qe8 22.Qd1 Bc8
23.Qa4 Rc7 24.Rf1 Ne7 25.Qxe8 Nxe8 26.Ne4 Nf5 27.Bc1  1/2-1/2

[Event "Tilburg"]
[Site "Tilburg"]
[Date "1990.??.??"]
[Round "6"]
[White "Seirawan, Yasser"]
[Black "Short, Nigel D"]
[Result "1/2-1/2"]
[WhiteElo "2635"]
[BlackElo "2610"]

1.d4 e6 2.c4 f5 3.Nc3 Nf6 4.e3 Be7 5.Bd3 O-O 6.Nge2 d6 7.Qc2 Nc6 8.a3 Bd7
9.Bd2 Qc8 10.f3 e5 11.O-O-O a6 12.h3 b5 13.cxb5 axb5 14.Bxb5 Kh8 15.Bc4 f4
16.d5 Na5 17.Ba2 fxe3 18.Bxe3 c6 19.Ng3 cxd5 20.Nxd5 Nxd5 21.Bxd5 Ba4 22.Qxc8 Raxc8+
23.Kb1 Bxd1 24.Rxd1 Nc4 25.Bc1 Rc7 26.Ne4 h6 27.b4 Rd8 28.Rd3 Nb6 29.Be3 Nxd5
30.Rxd5 Rb7 31.Nc3 Kg8 32.Rd3 Kf7 33.Nd5 Ke6 34.Kb2 Ra8 35.Kb3 Bd8 36.a4 Ba5
37.Ka3 Bd8 38.Kb3 Ba5 39.Ka3 Bd8 40.Rd1 Rc8 41.Kb3 Ba5 42.b5 Rbb8 43.Ba7 Rb7
44.Be3 Rbb8 45.Ba7 Rb7 46.Be3  1/2-1/2

[Event "Tilburg"]
[Site "Tilburg"]
[Date "1990.??.??"]
[Round "12"]
[White "Andersson, Ulf"]
[Black "Seirawan, Yasser"]
[Result "1-0"]
[WhiteElo "2630"]
[BlackElo "2635"]

1.d4 d5 2.c4 dxc4 3.e4 e5 4.Nf3 Bb4+ 5.Bd2 Bxd2+ 6.Qxd2 exd4 7.Nxd4 Nf6 8.Nc3 Qe7
9.f3 O-O 10.Bxc4 c5 11.Nde2 Rd8 12.Qe3 Be6 13.Bxe6 fxe6 14.O-O Nc6 15.Rad1 b6
16.e5 Nd5 17.Qe4 Qf7 18.f4 Nxc3 19.bxc3 Ne7 20.Ng3 Nf5 21.Nxf5 exf5 22.Qe2 h6
23.Rd2 Rxd2 24.Qxd2 Re8 25.h3 Qc4 26.Rf3 Re7 27.Rd3 Kh7 28.Rd6 b5 29.Rc6 Qe4
30.Rxc5 g5 31.fxg5 Rxe5 32.Qd7+ Re7 33.Qxf5+ Qxf5 34.Rxf5 a6 35.gxh6 Re1+
36.Rf1 Re2 37.Rf2 Re3 38.Rf6 a5 39.Rf5 Rxc3 40.Rxb5 Ra3 41.Rb2 Kxh6 42.Kh2 a4
43.g3 Rc3 44.h4 a3 45.Rf2  1-0

[Event "Tilburg"]
[Site "Tilburg"]
[Date "1990.??.??"]
[Round "13"]
[White "Short, Nigel D"]
[Black "Seirawan, Yasser"]
[Result "1-0"]
[WhiteElo "2610"]
[BlackElo "2635"]

1.e4 c6 2.d4 d5 3.e5 Bf5 4.Be2 e6 5.Nf3 c5 6.O-O Nc6 7.c3 Qb6 8.Qa4 c4 9.Nbd2 Qa5
10.Qd1 h6 11.Re1 b5 12.b4 Nxb4 13.cxb4 Bxb4 14.Nf1 Ne7 15.Ng3 Bg6 16.Rf1 Bc3
17.Bd2 Nc6 18.Bxc3 Qxc3 19.Qc1 Qxc1 20.Rfxc1 Kd7 21.Bd1 Rhb8 22.Ne2 Rb6 23.a3 Rab8
24.Ra2 Ra6 25.Rca1 Ra5 26.g4 Be4 27.Ne1 f6 28.exf6 gxf6 29.f3 Bg6 30.Bc2 Bf7
31.Kf2 Ra6 32.h4 Rab6 33.h5 a5 34.Rb2 Kd6 35.Rab1 e5 36.Rd1 b4 37.axb4 Rxb4
38.Ra2 Rb2 39.Rxb2 Rxb2 40.Ke3 Nb4 41.Rd2 Be8 42.Bd1 Rb1 43.Nc3 Rc1 44.Nc2 Bf7
45.f4 exd4+ 46.Kxd4 Nc6+ 47.Ke3 d4+ 48.Rxd4+ Nxd4 49.Kxd4 f5 50.gxf5 a4 51.Ne3 Ke7
52.Nxa4 Rb1 53.Nc3 Rb2 54.Ne4 Rh2 55.f6+ Kf8 56.Nxc4 Bxh5 57.Bxh5 Rxh5 58.Ncd6 Ra5
59.Nc5 Ra8 60.Ne6+  1-0

[Event "USA op"]
[Site "USA"]
[Date "1990.??.??"]
[Round "?"]
[White "Seirawan, Yasser"]
[Black "Donaldson, John W"]
[Result "1/2-1/2"]
[WhiteElo "2595"]
[BlackElo "2400"]

1.d4 d5 2.c4 c6 3.Nc3 Nf6 4.cxd5 cxd5 5.Bf4 Nc6 6.e3 Bf5 7.Bd3 Bxd3 8.Qxd3 e6
9.Nge2 Bd6 10.Qb5 Rb8 11.O-O O-O 12.Rac1 Bxf4 13.Nxf4 Qd6 14.Nd3 Nd7 15.Qb3 a6
16.h3 Rfc8 17.Ne2  1/2-1/2

[Event "USA m"]
[Site "USA"]
[Date "1990.??.??"]
[Round "?"]
[White "Spassky, Boris V"]
[Black "Seirawan, Yasser"]
[Result "1/2-1/2"]
[WhiteElo "2560"]
[BlackElo "2595"]

1.e4 c6 2.d4 d5 3.Nc3 dxe4 4.Nxe4 Nf6 5.Nxf6+ exf6 6.c3 Bd6 7.Bd3 O-O 8.Ne2 Re8
9.Be3 Nd7 10.Qc2 Nf8 11.Ng3 g6 12.O-O-O f5 13.Ne2 Qa5 14.Kb1 Be6 15.b3 Qc7
16.Qd2 a5 17.h4 a4 18.b4 b6 19.Bf4 b5 20.Bxd6 Qxd6 21.Nf4 Bd5 22.Rde1 Ne6
23.Nxd5 Qxd5 24.f3 Ng7 25.Rxe8+ Rxe8 26.Re1 Rxe1+ 27.Qxe1 Ne6 28.Qe3 Kg7
29.Kb2 h6 30.g3 f6 31.Be2 g5 32.hxg5 hxg5 33.Bd3 f4 34.gxf4 Nxf4 35.Bc2 Ne6
36.Qe4 Qxe4 37.Bxe4 Nd8 38.c4 bxc4 39.Kc3 Kf7 40.Kxc4 Ke6 41.Kc5 f5 42.Bd3 g4
43.fxg4 fxg4  1/2-1/2

[Event "USA op"]
[Site "USA"]
[Date "1990.??.??"]
[Round "?"]
[White "Bonin, Jay R"]
[Black "Seirawan, Yasser"]
[Result "0-1"]
[WhiteElo "2385"]
[BlackElo "2595"]

1.d4 d6 2.Nf3 g6 3.c4 Bg7 4.Nc3 e5 5.dxe5 dxe5 6.Qxd8+ Kxd8 7.g3 h6 8.Bg2 c6
9.Be3 Kc7 10.O-O-O Nd7 11.Nd2 f5 12.Nb3 Ngf6 13.h3 Nb6 14.Na5 Be6 15.Bc5 Bf8
16.Bxf8 Rhxf8 17.b3 e4 18.Rd4 Rad8 19.Rhd1 Rxd4 20.Rxd4 Nbd7 21.b4 Ne5 22.f4 Nf7
23.e3 Rd8 24.Rxd8 Nxd8 25.c5 b6 26.cxb6+ axb6 27.Nb3 Bxb3 28.axb3 b5 29.g4 Ne6
30.gxf5 gxf5 31.Bf1 Kd6 32.Be2 Nc7 33.Kd2 Nfd5 34.Bh5 Nxc3 35.Kxc3 Nd5+ 36.Kd2 Nxb4
37.Bg6 Ke6 38.Be8 Ke7 39.Bg6 Kf6 40.Be8 Ke6 41.Ke2 Kd5 42.Bd7 Nd3 43.Kd1 Nc5
44.Be8 b4 45.Kc2 Ne6 46.Bg6 Ng7 47.Bf7+ Kd6 48.Kd2 Ke7 49.Bc4 Ne8 50.Bf1 Nd6
51.Kc2 Ke6 52.Ba6 Kd5 53.Bf1 c5 54.Be2 c4 55.Bf1 Kc5 56.Be2 cxb3+ 57.Kxb3 Nb7
58.Ka4 Nd8 59.Kb3 Nc6 60.Ka4 Ne7 61.Kb3 Nd5 62.Bc4 Nxe3 63.Be6 Ng2  0-1

[Event "USA op"]
[Site "USA"]
[Date "1990.??.??"]
[Round "?"]
[White "Seirawan, Yasser"]
[Black "Dzindzichashvili, Roman"]
[Result "1/2-1/2"]
[WhiteElo "2595"]
[BlackElo "2545"]

1.d4 Nf6 2.Nf3 b6 3.g3 Bb7 4.c4 e6 5.Bg2 Be7 6.O-O O-O 7.Nc3 Ne4 8.Nxe4 Bxe4
9.Ne1 d5 10.cxd5 exd5  1/2-1/2

[Event "USA op"]
[Site "USA"]
[Date "1990.??.??"]
[Round "?"]
[White "Seirawan, Yasser"]
[Black "Garcia, Gildardo"]
[Result "1-0"]
[WhiteElo "2595"]
[BlackElo "2465"]

1.d4 d5 2.c4 e6 3.Nf3 Nf6 4.Nc3 Nbd7 5.cxd5 exd5 6.Bf4 Be7 7.Nb5 Bb4+ 8.Nd2 Ba5
9.Qa4 c6 10.Nd6+ Kf8 11.Qa3 Kg8 12.e3 g6 13.Be2 Kg7 14.Bh6+ Kg8 15.b4 Bb6
16.O-O Qe7 17.Bf4 h6 18.Rac1 Kh7 19.b5 cxb5 20.Nb1 a6 21.Rc2 Ne4 22.Rfc1 Nxd6
23.Bxd6 Qe6 24.Nc3 Ba7 25.Bf3 Nb6 26.Bc7 Nc4 27.Qb4 Re8 28.Nxd5 Kg7 29.Rxc4  1-0

[Event "USA op"]
[Site "USA"]
[Date "1990.??.??"]
[Round "?"]
[White "Seirawan, Yasser"]
[Black "Orton, William R"]
[Result "1-0"]
[WhiteElo "2595"]
[BlackElo "2255"]

1.d4 d5 2.c4 c6 3.Nc3 dxc4 4.e4 b5 5.a4 b4 6.Na2 e5 7.Nf3 exd4 8.Bxc4 Bg4
9.Qb3 Qe7 10.Nxd4 Qxe4+ 11.Be3 Bc5 12.f3 Qe7 13.O-O-O Be6 14.Rhe1 Nd7 15.Bxe6 fxe6
16.Nxe6  1-0

[Event "USA op"]
[Site "USA"]
[Date "1990.??.??"]
[Round "?"]
[White "Seirawan, Yasser"]
[Black "Strauss, David J"]
[Result "1-0"]
[WhiteElo "2595"]
[BlackElo "2410"]

1.d4 d5 2.c4 e6 3.Nc3 c6 4.e4 dxe4 5.Nxe4 Bb4+ 6.Nc3 c5 7.Nf3 Nf6 8.Be3 cxd4
9.Nxd4 O-O 10.Be2 e5 11.Nb5 Nc6 12.O-O Bf5 13.Nd5 Be7 14.Nxe7+ Qxe7 15.Qd6 Rfd8
16.Qxe7 Nxe7 17.Nxa7 Ng4 18.Bxg4 Bxg4 19.Nb5 Be2 20.Rfc1 f6 21.b3 Rd7 22.f3 Bd3
23.Rd1 Bf5 24.Rxd7 Bxd7 25.Nc7 Rd8 26.Rd1 Nc6 27.Kf2 Bf5 28.Rxd8+ Nxd8 29.Ke2 Kf7
30.Kd2 Ke7 31.Kc3 Kd7 32.Na8 h5 33.h4 Ne6 34.Nb6+ Kd6 35.b4 Nc7 36.a4 Be6
37.a5 Bf7 38.b5 Be8 39.Kb4  1-0

[Event "Belgrade Invest"]
[Site "Belgrade"]
[Date "1991.??.??"]
[Round "?"]
[White "Seirawan, Yasser"]
[Black "Lautier, Joel"]
[Result "0-1"]
[WhiteElo "2615"]
[BlackElo "2560"]

1.d4 d5 2.c4 e6 3.Nf3 Nf6 4.Nc3 Bb4 5.cxd5 exd5 6.Qa4+ Nc6 7.Bg5 h6 8.Bxf6 Qxf6
9.e3 O-O 10.Be2 Be6 11.O-O a6 12.Ne1 Bd6 13.Nd3 Rad8 14.Qd1 Ne7 15.g3 g6
16.Bf3 h5 17.Nf4 Bxf4 18.gxf4 Nf5 19.Kh1 c5 20.dxc5 d4 21.Ne4 Qe7 22.Qe2 Nh4
23.Nd6 d3 24.Qd1 b6 25.b4 bxc5 26.bxc5 Qc7 27.e4 Bh3 28.Qxd3 Bxf1 29.Rxf1 Qxc5
30.e5 Nxf3 31.Qxf3 Rb8 32.Rg1 Qc2 33.f5 Rb1 34.a3 Rxg1+ 35.Kxg1 Qc1+ 36.Kg2 Qg5+
37.Kf1 Rb8 38.Qd3 Qc1+ 39.Kg2 Rb1 40.fxg6 Qg1+ 41.Kf3 Qg4+ 42.Ke3 Re1+ 43.Kd2 Rd1+
44.Kc2 Rxd3 45.gxf7+ Kf8 46.Kxd3 Qf4  0-1

[Event "Belgrade Invest"]
[Site "Belgrade"]
[Date "1991.??.??"]
[Round "?"]
[White "Sokolov, Ivan"]
[Black "Seirawan, Yasser"]
[Result "1/2-1/2"]
[WhiteElo "2570"]
[BlackElo "2615"]

1.d4 d5 2.c4 dxc4 3.e4 Nf6 4.e5 Nd5 5.Bxc4 Nb6 6.Bd3 Nc6 7.Ne2 Bg4 8.Be3 Bxe2
9.Bxe2 Qd7 10.O-O O-O-O 11.a4 a6 12.a5 Nd5 13.Nc3 e6 14.Bf3 Kb8 15.Qb3 Be7
16.Rfc1 Na7 17.Be2 Ka8 18.Nxd5 exd5 19.Bg4 Qb5 20.Qd1 Kb8 21.f4 Qe8 22.Qb3 c6
23.Kh1  1/2-1/2

[Event "Belgrade Invest"]
[Site "Belgrade"]
[Date "1991.??.??"]
[Round "?"]
[White "Seirawan, Yasser"]
[Black "Jussupow, Artur"]
[Result "0-1"]
[WhiteElo "2615"]
[BlackElo "2625"]

1.d4 Nf6 2.c4 e6 3.Nf3 Bb4+ 4.Bd2 Qe7 5.g3 Nc6 6.Bg2 Bxd2+ 7.Nbxd2 d6 8.O-O O-O
9.e4 e5 10.d5 Nb8 11.Ne1 a5 12.Nd3 Na6 13.a3 Bg4 14.f3 Bd7 15.b4 axb4 16.axb4 c6
17.dxc6 bxc6 18.Qc2 d5 19.c5 Be6 20.Ra4 dxe4 21.fxe4 Ng4 22.Rfa1 Nc7 23.Rxa8 Nxa8
24.Nf3 f6 25.Qc1 Nc7 26.Bf1 f5 27.Qg5 Qd7 28.Ra7 h6 29.Qg6 Rf6 30.Rxc7 Qxc7
31.Qe8+ Kh7 32.exf5 Bf7 33.Qa8 e4 34.Bh3 Ne3  0-1

[Event "Belgrade Invest"]
[Site "Belgrade"]
[Date "1991.??.??"]
[Round "?"]
[White "Ljubojevic, Ljubomir"]
[Black "Seirawan, Yasser"]
[Result "1-0"]
[WhiteElo "2600"]
[BlackElo "2615"]

1.e4 c6 2.d3 d5 3.Nd2 e5 4.Ngf3 Bd6 5.Qe2 Qe7 6.d4 exd4 7.exd5 cxd5 8.Nxd4 Nc6
9.N2b3 Nf6 10.Qxe7+ Kxe7 11.Bd2 Re8 12.O-O-O Ng4 13.Re1+ Kf8 14.Rxe8+ Kxe8
15.Bb5 Bd7 16.f3 Nge5 17.Bc3 f6 18.Rd1 a6 19.Bf1 Ne7 20.g3 Rc8 21.Be1 Nc4
22.Bf2 b5 23.a3 h5 24.Nd2 Ne5 25.Be2 g6 26.Nf1 Nc4 27.Be1 Be5 28.Bf2 Kf7
29.Nd2 Nf5 30.Nxc4 dxc4 31.f4 Bxd4 32.Bxd4 Bc6 33.Bf2 Re8 34.Re1 Nd6 35.Bf1 Rxe1+
36.Bxe1 Ne4 37.Kd1 Ke6 38.Ke2 Nd6 39.Bb4 Be4 40.Kd2 Kd5 41.b3 cxb3 42.cxb3 f5
43.Kc3 Bf3 44.Bxd6 Kxd6 45.Kd4 Bd5 46.b4 Bb7 47.Be2 Be4 48.Bd1 Bd5 49.h4 Bg8
50.Bf3 Bf7 51.Bg2 Bb3 52.Bf3 Bf7 53.Bd1 Bd5 54.a4 Bf7 55.Kd3 Bc4+ 56.Kc3 Bf7
57.Kd4 Bd5 58.a5 Bc6 59.Bb3 Bf3 60.Bf7 Be2 61.Bd5  1-0

[Event "Amsterdam"]
[Site "Amsterdam"]
[Date "1992.??.??"]
[Round "?"]
[White "Seirawan, Yasser"]
[Black "Timman, Jan H"]
[Result "1/2-1/2"]
[WhiteElo "2600"]
[BlackElo "2620"]

1.d4 Nf6 2.c4 e6 3.Nf3 b6 4.a3 Bb7 5.Nc3 d5 6.cxd5 Nxd5 7.Qc2 c5 8.Bg5 Be7
9.Bxe7 Qxe7 10.Nxd5 exd5 11.e3 O-O 12.Bd3 g6 13.dxc5 bxc5 14.O-O Nd7 15.Rfe1 Rac8
16.Qa4 Bc6 17.Qa5 Qf6 18.b4 d4 19.e4 Qd8 20.Qxd8 Rfxd8 21.Rac1 Ba4 22.Kf1 Rc6
23.Ke2 Kg7 24.Nd2 Rb8 25.Rb1 Bb5 26.Bxb5 Rxb5 27.Rec1 Ra6 28.bxc5 Rxc5 29.Rc4 Rxa3
30.Rxd4 Nb6 31.Rdb4 Na4 32.R1b3 Ra2 33.Ke3 Rcc2 34.Rd4 Nb2 35.f3 a5 36.Rd7 Kh6
37.h4 Nd1+ 38.Ke2 Nc3+ 39.Ke3 Nd1+ 40.Ke2 Nc3+ 41.Ke3  1/2-1/2

[Event "Amsterdam"]
[Site "Amsterdam"]
[Date "1992.??.??"]
[Round "?"]
[White "Short, Nigel D"]
[Black "Seirawan, Yasser"]
[Result "0-1"]
[WhiteElo "2685"]
[BlackElo "2600"]

1.e4 c6 2.d4 d5 3.e5 Bf5 4.Nf3 e6 5.Be2 c5 6.O-O Nc6 7.c3 cxd4 8.cxd4 Nge7
9.b3 Be4 10.Nbd2 Nf5 11.Bb2 Bb4 12.g4 Nh4 13.Nxe4 dxe4 14.Nxh4 Qxh4 15.Qc2 h5
16.Qxe4 hxg4 17.Qg2 O-O-O 18.Bxg4 Kb8 19.Rfd1 f5 20.Bf3 Ne7 21.d5 Nxd5 22.Bxd5 Rxd5
23.Rxd5 exd5 24.Rd1 Qe4 25.Qxe4 dxe4 26.Rd7 Kc8 27.Rxg7 Rd8 28.e6 e3 29.fxe3 Rd1+
30.Kg2 Rd2+ 31.Kf3 Rxb2 32.h4 Rxa2 33.h5 Rh2 34.Rh7 Rh4 35.h6 a5 36.Ke2 b6
37.Kd3 Kd8 38.Rh8+ Ke7 39.h7 Kf6 40.e7 Bxe7 41.Rb8 Rxh7 42.Rxb6+ Kg5 43.Rb7 Kg6
44.Rb6+ Bf6 45.Ra6 Re7 46.Rxa5 Bg5  0-1

[Event "Amsterdam"]
[Site "Amsterdam"]
[Date "1992.??.??"]
[Round "?"]
[White "Timman, Jan H"]
[Black "Seirawan, Yasser"]
[Result "1/2-1/2"]
[WhiteElo "2620"]
[BlackElo "2600"]

1.d4 Nf6 2.c4 e6 3.Nf3 b6 4.g3 Ba6 5.Qa4 Bb7 6.Bg2 c5 7.dxc5 Bxc5 8.O-O O-O
9.Nc3 Na6 10.Bf4 Be7 11.Rfd1 Nc5 12.Qc2 Nce4 13.Ne5 Nxc3 14.Bxb7 Nxd1 15.Rxd1 Rb8
16.Nc6 dxc6 17.Rxd8 Rbxd8 18.Qa4 Bd6 19.Bxc6 Bxf4 20.gxf4 a5 21.c5 bxc5 22.Qxa5 h6
23.Qxc5 Rd2 24.Qc3 Rxe2 25.Bf3 Nd5 26.Qc1 Nxf4 27.Qxf4 Rxb2 28.a4 Rc8 29.Qd4 Ra2
30.Bb7 Rc1+ 31.Kg2 g6 32.Ba6 Raa1 33.Bb7 Rg1+ 34.Kh3 Rad1 35.Qb6 Rg5 36.a5 Rd3+
37.f3 Rd2 38.a6 e5 39.Qe3 Rh5+ 40.Kg3 Rg5+ 41.Qxg5 hxg5 42.a7 Ra2 43.a8=Q+ Rxa8
44.Bxa8 f5  1/2-1/2

[Event "Brussels SWIFT rapid"]
[Site "Brussels"]
[Date "1992.??.??"]
[Round "?"]
[White "Karpov, Anatoly"]
[Black "Seirawan, Yasser"]
[Result "0-1"]
[WhiteElo "2725"]
[BlackElo "2600"]

1.d4 d6 2.e4 g6 3.g3 Bg7 4.Bg2 Nc6 5.Ne2 e5 6.d5 Nce7 7.c4 f5 8.Nbc3 Nf6
9.O-O O-O 10.f4 Nxe4 11.Nxe4 fxe4 12.Bxe4 Bg4 13.Qd3 Qd7 14.Bd2 Nf5 15.fxe5 Bxe2
16.Qxe2 Bxe5 17.Rab1 Rf7 18.Qd3 Raf8 19.Bg2 Qa4 20.a3 Qa6 21.Kh1 Qb6 22.Bh3 Qd4
23.Qxd4 Nxd4 24.Rxf7 Rxf7 25.Kg2 Kg7 26.Bg4 Nb3 27.Be1 Nc5 28.Be2 Na4 29.b4 Nc3
30.Bxc3 Bxc3 31.Rd1 Re7 32.Kf2 a5 33.b5 b6 34.Rd3 Bb2 35.Bf3 Kf6 36.h4 h6
37.Bg2 Re5 38.a4 g5 39.Rf3+ Ke7 40.hxg5 hxg5 41.g4 Bd4+ 42.Kf1 Be3 43.Rh3 Bf4
44.Rh7+ Kd8 45.Rh6 Re3 46.Re6 Be5 47.Rg6 Bg3 48.Bh1 Re1+ 49.Kg2 Bf4 50.Rg8+ Kd7
51.Rg7+ Kc8 52.Rh7 Rc1 53.Rh8+ Kb7 54.Re8 Rxc4 55.Kf2 Rxa4 56.Be4 Rb4 57.Bd3 a4
58.Bf5 Rxb5 59.Bc8+ Ka7 60.Bd7 Rxd5 61.Bc6 Rd2+ 62.Ke1 b5 63.Bxb5 a3 64.Bc4 d5
65.Bb3 c5 66.Re2 c4 67.Ba2 Rb2 68.Kd1 Kb6 69.Rxb2+ axb2 70.Kc2 Bc1 71.Kc3 Kc5
72.Kc2 Kb4 73.Kd1 d4 74.Bb1 d3 75.Ke1 Be3 76.Kd1 Kc5 77.Ke1 Kd4 78.Kd1 c3
79.Bc2 dxc2+ 80.Kxc2 Ke4 81.Kb1 Kd3 82.Ka2 Kc2  0-1

[Event "Brussels SWIFT blitz"]
[Site "Brussels"]
[Date "1992.??.??"]
[Round "?"]
[White "Seirawan, Yasser"]
[Black "Georgiev, Kiril"]
[Result "0-1"]
[WhiteElo "2600"]
[BlackElo "2605"]

1.c4 e6 2.Nc3 d5 3.d4 c6 4.e4 dxe4 5.Nxe4 Bb4+ 6.Nc3 c5 7.Nf3 Nf6 8.Be3 Nc6
9.Be2 Ng4 10.d5 Nxe3 11.fxe3 Ne7 12.e4 O-O 13.O-O exd5 14.cxd5 Ng6 15.Qc2 Bg4
16.a3 Ba5 17.Na4 Rc8 18.Kh1 Bc7 19.Rad1 Bd6 20.Nc3 a6 21.h3 Bxf3 22.Rxf3 Nh4
23.Rf2 Qg5 24.Bg4 Rce8 25.Ne2 h5 26.Bf3 f5 27.e5 Rxe5 28.Qd2 Re3 29.Rdf1 Qe7
30.Bxh5 g6 31.Bf3 Qe5 32.g3 Nxf3 33.Rxf3 Rxe2 34.Qg5 Kg7 35.h4 Qxb2  0-1

[Event "Brussels SWIFT rapid"]
[Site "Brussels"]
[Date "1992.??.??"]
[Round "?"]
[White "Seirawan, Yasser"]
[Black "Karpov, Anatoly"]
[Result "1/2-1/2"]
[WhiteElo "2600"]
[BlackElo "2725"]

1.Nf3 Nf6 2.c4 b6 3.Nc3 Bb7 4.d4 e6 5.a3 d5 6.cxd5 Nxd5 7.Qc2 Nxc3 8.Qxc3 Nd7
9.Bg5 Be7 10.Bxe7 Kxe7 11.e3 Rc8 12.Bb5 c6 13.Be2 c5 14.Rd1 Nf6 15.O-O Qd5
16.Rc1 a5 17.Rfd1 cxd4 18.Qxd4 Qxd4 19.Nxd4 Rxc1 20.Rxc1 Rc8 21.Rxc8 Bxc8
22.f3 e5 23.Nb5 Nd5 24.Kf2 Bd7 25.Bc4 Bxb5 26.Bxd5 f6 27.h4 h6 28.Ke1  1/2-1/2

[Event "Brussels SWIFT rapid"]
[Site "Brussels"]
[Date "1992.??.??"]
[Round "?"]
[White "Seirawan, Yasser"]
[Black "Georgiev, Kiril"]
[Result "1/2-1/2"]
[WhiteElo "2600"]
[BlackElo "2605"]

1.d4 Nf6 2.c4 e6 3.Nf3 b6 4.Nc3 Bb7 5.a3 d5 6.Bg5 Be7 7.e3 O-O 8.Rc1 dxc4
9.Bxc4 Nbd7 10.O-O a6 11.a4 c5 12.Qe2 cxd4 13.exd4 h6 14.Bf4 Bb4 15.Bg3 Nh5
16.Rfd1 Nxg3 17.hxg3 Nf6 18.Ne5 Re8 19.Qc2 Rc8 20.Qe2 Ra8 21.Qc2 Rc8 22.Qe2 Ra8  1/2-1/2